00915nam a22001937a 4500003000400000005001700004008004100021020001800062040001500080100002500095245005900120250001100179260003500190300001100225505033200236650007600568650004200644700003500686OSt20250728164210.0230822s2023 ag ||||| ||||f00| 0 spa d a9789878461854 bspacbesoc1 aCovelo, Lauraeautor10aMatemática 2 /cLaura Covelo, María Eugenia Covelo a2a ed. aBuenos Aires :bMaipue, c2023 a232 p.0 aCap. 1: Nos ponemos en marcha -- Cap. 2: Números enteros -- Cap. 3: Ecuaciones e inecuaciones en enteros -- Cap. 4: Geometría -- Cap. 5: Números racionales -- Cap. 6: Unidades -- Cap. 7: Cuerpos geométricos, superficie y volumen -- Cap. 8: Números irracionales -- Cap. 9: Funciones -- Cap. 10: Trabajos integradores.- aEnseñanza de la matemáticaxEducación secundariaxLibros de texto aMatemáticasxÁlgebraxGeometría1 aCovelo, María Eugeniaeautor